I Centenario del Cuerpo de Abogados del Estado, 1981-1981. (Record no. 43275)

MARC details
000 -LEADER
campo de control de longitud fija 00411nam a2200133 i 4500
001 - NÚMERO DE CONTROL
campo de control 43275
003 - IDENTIFICADOR DE NÚMERO DE CONTROL
campo de control ES-MaACL
007 - CAMPO FIJO DE DESCRIPCIÓN FÍSICA--INFORMACIÓN GENERAL
campo de control de longitud fija t|
008 - DATOS DE LONGITUD FIJA--INFORMACIÓN GENERAL
campo de control de longitud fija 030317s1982 sp ||||1| spa d
245 00 - MENCIÓN DEL TÍTULO
Título I Centenario del Cuerpo de Abogados del Estado, 1981-1981.
260 ## - PUBLICACIÓN, DISTRIBUCIÓN, ETC.
Lugar de publicación, distribución, etc. Madrid :
Nombre del editor, distribuidor, etc. [s.n.,
Fecha de publicación, distribución, etc. 1982] (
Fabricante Imp. Fábrica Nacional de Moneda y timbre)
300 ## - DESCRIPCIÓN FÍSICA
Extensión 335 p. :
Otras características físicas il. ;
Dimensiones 26 cm.
852 ## - LOCALIZACIÓN
Ubicación ES-MaACL
Número de control de estantería L-3606
Sublocalización o colección R.104569
Holdings
Estatus retirado Estado de pérdida Estado de daño No para préstamo Biblioteca de origen Biblioteca actual Ubicación en estantería Fecha de adquisición Fuente de adquisición Total de préstamos Signatura topográfica completa Código de barras Visto por última vez Precio de reemplazo Tipo de ítem Koha
        Biblioteca del Ateneo de Madrid Biblioteca del Ateneo de Madrid Depósito 2 17/01/2008     L-3606 1045556 23/02/2023 23/02/2023 Libro impreso